000
00331nam a22001457a 4500
020
_a
81-8204-025-6
082
_a
643.3
_b
AGG
100
_a
AGGARWAL, D.K
245
_a
KITCHEN EQIUPMENT AND DESIGN
260
_a
DELHI
_b
AMAN
_c
2006
300
_a
298
650
_a
HOTEL MANAGEMENT
653
_a
KITCHEN, EQIUPMENT
942
_2
ddc
_c
BK
999
_c
8079
_d
8079